Basiseinheiten - Statistiken

Allgemein
  • Dieses Quiz wurde 297 mal gespielt
  • Das Durchschnittsergebnis liegt bei 5 aus 7
Antwortstatistiken
Basisgröße Basiseinheit % Korrekt
Länge Meter
99%
Zeit Sekunde
93%
Masse Kilogramm
88%
Stromstärke Ampere
78%
Temperatur Kelvin
58%
Stoffmenge Mol
56%
Lichtstärke Candela
28%
Keine übereinstimmenden Quizze gefunden
Verteilung der Resultate
Anzahl Personen mit jedem Resultat
Perzentil nach korrekt beantworteten Fragen
Ihre Resultats-Entwicklung
Sie haben dieses Quiz noch nicht gespielt